Bytový dom
Uložené v:
| Hlavný autor: | |
|---|---|
| Ďalší autori: | |
| Médium: | Rukopis Kniha |
| Jazyk: | Slovak |
| Vydavateľské údaje: |
2024
|
| Predmet: | |
| On-line prístup: | http://is.stuba.sk/zp/portal_zp.pl?podrobnosti=162108 https://opac.crzp.sk/?fn=detailBiblioForm&sid=D4AFBEDDECE97BC6333C0D9A1374 |
| Tagy: |
Žiadne tagy, Buďte prvý, kto otaguje tento záznam!
|
MARC
| LEADER | 00000ntm a22000003a 4500 | ||
|---|---|---|---|
| 001 | stuzp98999 | ||
| 003 | SK-STU | ||
| 005 | 20240916142653.2 | ||
| 007 | ta | ||
| 008 | 150427s2015----xo-----f-mn---000-0-slo-d | ||
| 040 | |a STU |b slo | ||
| 041 | 0 | |a slo | |
| 100 | 1 | |a Tomaga, Martin |u 010180 |4 aut |U SvF Stavebná fakulta |T SvF Katedra konštrukcií pozemných stavieb |X 110360 |U V180 |Y 18 |7 110360 | |
| 242 | 0 | 1 | |a Residential Building |y eng |
| 245 | 1 | 0 | |a Bytový dom |
| 260 | |c 2024 | ||
| 650 | 4 | |a extenzívna plochá strecha |2 slo | |
| 650 | 4 | |a novostavba |2 slo | |
| 650 | 4 | |a bytový dom |2 slo | |
| 650 | 4 | |a priestory na prenájom |2 slo | |
| 650 | 4 | |a odvetraná fasáda |2 slo | |
| 650 | 4 | |a new construction |2 eng | |
| 650 | 4 | |a apartment building |2 eng | |
| 650 | 4 | |a premises for rent |2 eng | |
| 650 | 4 | |a ventilated facade |2 eng | |
| 650 | 4 | |a extensive flat roof |2 eng | |
| 700 | 1 | |a Buday, Peter |u 010180 |k Z1 |4 ths |U SvF Stavebná fakulta |T SvF Katedra konštrukcií pozemných stavieb |X 962 |U V180 |Y 18 |7 A000000962 | |
| 856 | 4 | |u http://is.stuba.sk/zp/portal_zp.pl?podrobnosti=162108 | |
| 856 | 4 | |u https://opac.crzp.sk/?fn=detailBiblioForm&sid=D4AFBEDDECE97BC6333C0D9A1374 | |